| 000 | 00642nam a2200217 a 4500 | ||
|---|---|---|---|
| 001 | 54611 | ||
| 003 | BD-RjUL | ||
| 005 | 20211209080138.0 | ||
| 008 | 161108s1981 calp|||| |||| 00| 0 eng d | ||
| 020 | _a0895170310 | ||
| 035 | _a(BD-RjUL)54733 | ||
| 040 |
_aBD-RjUL _beng _cBD-RjUL _dBD-RjUL |
||
| 041 | _aeng | ||
| 082 |
_223 _a515 _bZIC 1981 |
||
| 100 |
_aZiegler, Michael R _9162883 |
||
| 245 | 1 | 0 |
_aComputer applications in finite mathematics and calculus / _cMichael R Ziegler |
| 260 |
_aSan Francisco : _b Dellen, _c©1981 |
||
| 300 |
_a272 p. : _bill. ; _c24 cm. |
||
| 650 |
_aCalculus -- Computer programs _9162884 |
||
| 942 |
_2ddc _cBK |
||
| 999 |
_c54611 _d54611 |
||